000 00679 a2200193 4500
020 _c278.80
035 _aB-118641
037 _bRP-OS-29 / PANSY-05-06:11 / RP-05-06:ENG
082 1 4 _a540
090 _c3134
_d3134
100 1 _aBahadur, Prakash
245 1 _aNumerical chemistry with 14 test paper
_ba master book for IIT and all other engineering entrance examinatons
_cby Prakash Bahadur;edited by Shalabh Saxena
250 _a13th ed.
260 _aMeerut
_bG.R. Bathla
_c2005
300 _a1412 p
_c22 cm (pbk)
700 _aSaxena, Shalabh
942 _adpl
_cEN
_k540 / BAH
999 _c3073
_d3073